Statistics for Liza Minnelli Filmography

Click here to take the quiz!

General Stats

  • This quiz has been taken 7 times
    (3 since last reset)
  • The average score is 11 of 123

Answer Stats

TypeYearName% Correct
Film1972Cabaret
100%
Film1977New York, New York
100%
Theater1974Liza
67%
TV Special1970Liza
67%
TV Special1972Liza with a "Z": A Concert for Television
67%
Film1975Lucky Lady
67%
Film2010Sex and the City 2
67%
Film1976A Matter of Time
33%
Film1981Arthur
33%
Film1988Arthur 2: On the Rocks
33%
Film1949In the Good Old Summertime
33%
Film1987Rent-a-Cop
33%
Film1976Silent Movie
33%
Film1991Stepping Out
33%
Film1970Tell Me That You Love Me, Junie Moon
33%
Documentary1985That's Dancing!
33%
Film1974That's Entertainment!
33%
Award Show1993The 47th Annual Tony Awards
33%
Award Show1983The 55th Annual Academy Awards
33%
TV Show1963The Judy Garland Show
33%
Film2006The Oh in Ohio
33%
Theater1984The Rink
33%
Film1969The Sterile Cuckoo
33%
TV Special1980An Evening with Liza Minnelli
0%
Documentary Series1971Aquarius
0%
Theater1978-1979Are You Now or Have You Ever Been?
0%
TV Special1972A Royal Gala Variety Performance
0%
TV Show2003-2005, 2013Arrested Development
0%
TV Film1985A Time to Live
0%
TV Show2009Australian Idol
0%
TV Show1967Bandstand
0%
Theater1963Best Foot Forward
0%
TV Show1979Camera Three
0%
Theater1963-1964Carnival!
0%
Film1968Charlie Bubbles
0%
Theater1975Chicago
0%
TV Special1990Christmas in Rockefeller Center
0%
TV Show1964Cliff!
0%
TV Show2009Drop Dead Diva
0%
Commercial1988Estee Lauder 'Metropolis' Cologne for Man
0%
TV Show1984Faerie Tale Theatre
0%
TV Show1965Fanfare
0%
Theater1965Flora, the Red Menace
0%
Theater1961Flower Drum Song
0%
TV Show1956Ford Star Jubilee
0%
TV Special1989Frank, Liza & Sammy: The Ultimate Event
0%
Commercial1977Freixenet Wine
0%
TV Special1980Goldie and Liza Together
0%
TV Show1987-2003Great Performances
0%
TV Show1966Hippodrome
0%
TV Show1965Hulabaloo
0%
TV Documentary2004Inside the Mind of Liza Minnelli
0%
TV Film1999Jackie's Back
0%
Film1972Journey Back to Oz
0%
TV Special1964Judy and Liza at the Palladium
0%
TV Show1964Juke Box Jury
0%
Theater1974Jule's Friends at the Palace
0%
TV Show2009, 2010Kathy Griffin: My Life on the D-List
0%
TV Show2006Law & Order: Criminal Intent
0%
Theater2013Liza & Alan
0%
TV Special2002Liza and David
0%
TV Special1993Liza and Friends: A Tribute to Sammy Davis Jr.
0%
TV Special1986Liza in London
0%
TV Special1992Liza Live from Radio City Music Hall
0%
TV Special1985Liza Minnelli - Silvester-Gala 1982 live aus Bad Gastein
0%
TV Special2009Liza's at the Palace
0%
Theater2008-2009Liza's at the Palace....
0%
Theater2002Liza's Back
0%
TV Special1974Love from A to Z
0%
Theater1994Love Letters
0%
Theater1999-2000Minnelli on Minnelli: Live at the Palace
0%
TV Documentary1987Minnelli on Minnelli: Liza Remembers Vincente
0%
TV Show1964Mr. Broadway
0%
TV Show1971Night-Club
0%
TV Film1994Parallel Lives
0%
TV Show2012Paula's Best Dishes
0%
TV Show1966Perry Como's Kraft Music Hall
0%
TV Show1990Rockopop
0%
TV Special1975Rona Looks at Raquel, Liza, Cher and Ann-Margret
0%
TV Show1971Rowan & Martin's Laugh-In
0%
TV Show1971Sacha Show
0%
TV Special1988Sam Found Out: A Triple Play
0%
TV Show1975Sammy and Company
0%
TV Show2009Saturday Night Live
0%
Theater1977Shine It On
0%
TV Show2013Smash
0%
Commercial2010Snickers
0%
TV Show2005Star Academy
0%
Theater1961Take Me Along
0%
TV Show1963Talent Scouts
0%
TV Show1968That's Life
0%
Theater1977-1978The Act
0%
TV Special1987The Annual Friars Club Tribute Present a Salute to Liza Minnelli
0%
TV Show1967, 1968The Carol Burnett Show
0%
TV Film1965The Dangerous Christmas of Red Riding Hood
0%
TV Show1966The Danny Kaye Show
0%
Theater1993The Day After That
0%
Theater1961-1962The Diary of Anne Frank
0%
TV Show1963-1970The Ed Sullivan Show
0%
Theater1964The Fantasticks
0%
TV Special1992The Freddie Mercury Tribute Concert
0%
TV Show1969The Glen Campbell Goodtime Hour
0%
TV Show1966-1968The Hollywood Palace
0%
Commercial1999The Institutes for the Achievement of Human Potential
0%
TV Show1970The Johnny Cash Show
0%
TV Show1963The Keefe Brasselle Show
0%
Film1982The King of Comedy
0%
TV Show1967The Kraft Music Hall
0%
TV Show1967-1968The Match Game
0%
TV Show1965-1977The Mike Douglas Show
0%
TV Show1979The Muppet Show
0%
Film1984The Muppets Take Manhattan
0%
Film1968The Odd Couple
0%
Theater1978-1979The Owl and the Pussycat
0%
Theater1966The Pajama Game
0%
TV Show1971The Pearl Bailey Show
0%
TV Film1995The West Side Waltz
0%
Theater1964Time Out for Ginger
0%
TV Show1989, 1990Top of the Pops
0%
Theater1997Victor/Victoria
0%
TV Documentary1990Warner Bros. Celebration of Tradition, June 2, 1990
0%
Theater1961Wish You Were Here
0%
TV Special1967Woody Allen Looks at 1967
0%

Score Distribution

Percentile by Number Answered

Percent of People with Each Score

Your Score History

You have not taken this quiz since the last reset